000 00906nas a2200217 i 4500
001 182889
003 ES-MaACL
005 20250901214153.0
008 131126d19431978sp | | |spa d
022 _a2479-5380
080 _a334.788.4(460.224 Z.)(060.55)
110 2 _aCamara Oficial de Comercio e Industria de Zaragoza
_92388
245 1 0 _aMemoria :
_btrabajos realizados por la Cámara Oficial de Comercio e Industria de Zaragoza.
260 _aZaragoza :
_b[Cámara Oficial de Comercio y de la Industria de Zaragoza],
_c[1943-1978]
300 _a19 v. ;
_c20 cm.
594 _aPrecede al tít.: Suplemento al Boletín del mes de...; Suplemento al Boletín de la Cámara
610 2 4 _aCámara Oficial de Comercio e Industria de Zaragoza-
_vMemorias.
_9153891
852 4 _aES-MaACL
_jHEM-D-212
866 0 _o1943, 1946, 1955, 1959, 1962, 1964-65, 1967-78.
999 _c182889
_d182889